000 01519cam a2200301 4500
008 020816n2004 000 0 eng u
020 _a1842191101
022 _a1478-4971
035 _a(Sirsi) u119788
041 _aeng
050 _a333.72
_c18
100 _aPrasad, Deo
245 4 _aThe construction challenge
_bsustainability in developing countries
_h[electronic resource]
260 _aLondon
_bRICS
_c2004
300 _a28p.
_c30cm.
490 _aRICS Leading Edge Series
520 _aThis report examines the link between poverty and sustainability in the developing world and argues that national and international regulation and incentives are needed to deliver environmentally sustainable construction. Looks at: global environmental challenges; concepts and tools designed to help understand sustainable construction; sustainability initiatives in construction; and implementation. References. View at www.rics.org.
650 _aSUSTAINABLE CONSTRUCTION
650 _aLIFE CYCLE ANALYSIS
650 _aSustainability
_96271
650 _aDEVELOPING COUNTRIES
690 _aBUILDING AND CONSTRUCTION-SUSTAINABLE
700 _aHall, Murray
710 _aRoyal Institution of Chartered Surveyors
_bConstruction Faculty
_94214
710 _aRoyal Institution of Chartered Surveyors
_94900
856 _uhttps://www.rics.org/site/scripts/download_info.aspx?fileID=8234&categoryID=746
_zThis document is restricted to RICS members only, download from the www.rics.org website.
942 _n0
999 _c102394
_d102394